| 000 | 00868nam a22002297a 4500 | ||
|---|---|---|---|
| 005 | 20210325180252.0 | ||
| 008 | s2543 th tha d | ||
| 020 | _a9748596559 | ||
| 041 | _atha | ||
| 050 | _aJQ1745.A55.C6 ว867ค 2543 | ||
| 100 | 0 | _aวุฒิพงษ์ เพรียบจริยวัฒน์ | |
| 245 | 1 | 0 | _aคู่มือทรราช |
| 260 | 3 |
_aกรุงเทพฯ : _bสถาบันสหสวรรษ, _c2543 |
|
| 300 |
_a109 หน้า : _b ภาพประกอบ ; _c 21 ซม. |
||
| 650 | 0 | 4 | _aการฉ้อราษฎร์บังหลวง |
| 650 | 0 | 4 | _aการทุจริตและประพฤติมิชอบ |
| 650 | 0 | 4 | _aคอรัปชั่น |
| 850 | _aNALT | ||
| 942 |
_cGB _01 |
||
| 997 | _c000000000008879 | ||
| 998 | _aBENJALUCK SUTTHIWILAI | ||
| 999 |
_c8879 _d8879 |
||